LEADER 01217nam a2200265 i 4500 001 991001243219707536 008 110531s2010 it a b 001 0 ita d 035 $ab13983738-39ule_inst 040 $aDip.to Matematica$beng 084 $aAMS 60M10 084 $aAMS 91A06 084 $aAMS 91A10 084 $aAMS 91A43 084 $aAMS 91A80 100 1 $aBove, Roberta$0475120 245 10$aPrezzo della stabilità nella progettazione di reti non cooperative di piccole dimensioni. Tesi di laurea in teoria algoritmica dei giochi /$claureanda Roberta Bove ; relat. Vittorio Bilò 260 $aLecce :$bUniversità del Salento. Facoltà di Scienze MM. FF. NN. Corso di Laurea Specialistica in Matematica,$ca.a. 2009-10 300 $a72 p. ;$c30 cm 700 1 $aBilò, Vittorio 907 $a.b13983738$b02-04-14$c31-05-11 912 $a991001243219707536 945 $aLE013 TES 2009/10 BOV1$g1$i2013000214290$lle013$og$pE20.00$q-$rn$so $t1$u0$v0$w0$x0$y.i15280263$z09-06-11 996 $aPrezzo della stabilità nella progettazione di reti non cooperative di piccole dimensioni. Tesi di laurea in teoria algoritmica dei giochi$9246196 997 $aUNISALENTO 998 $ale013$b31-05-11$cm$da $e-$fita$git $h0$i0 LEADER 02404oam 2200505 450 001 9910787329803321 005 20190911103513.0 010 $a0-429-07190-6 010 $a1-4665-7221-3 024 7 $a10.1201/b16259 035 $a(OCoLC)868928102 035 $a(MiFhGG)GVRL8QEG 035 $a(EXLCZ)992670000000394354 100 $a20130920h20142014 uy 0 101 0 $aeng 135 $aurun|---uuuua 181 $ctxt 182 $cc 183 $acr 200 10$aAnalysis of complex diseases $ea mathematical perspective /$fGuanyu Wang 210 1$aBoca Raton :$cCRC Press, Taylor & Francis Group,$d[2014] 210 4$d?2014 215 $a1 online resource (xxi, 196 pages) $cillustrations (some color) 225 0 $aGale eBooks 300 $aDescription based upon print version of record. 311 $a1-4665-7223-X 320 $aIncludes bibliographical references. 327 $aFood intake and energy metabolism -- Glucose homeostasis -- Optimal glucose homeostasis -- Bistability as a fundamental phenomenon -- Biomolecular network -- P13K-AKT-TOR pathway -- Diseases related to metabolism -- Mathematical modeling of the P13K-AKT-TOR Pathway -- Fundamental decomposition -- Normal phenotype -- Disease phenotypes -- Tao of diseases. 330 $aA complex disease involves many etiological and risk factors operating at multiple levels-molecular, cellular, organismal, and environmental. The incidence of such diseases as cancer, obesity, and diabetes are increasing in occurrence, urging us to think fundamentally and use a broader perspective to identify their connection and revolutionize treatments. The understanding of biological data derived from studying diseases can be enhanced by theories and mathematical models, which clarify the big picture and help to reveal the overarching mechanisms that govern complex biological phenomena.< 606 $aMetabolism$xDisorders 606 $aSystems biology 606 $aBiological models 606 $aGenetic disorders 615 0$aMetabolism$xDisorders. 615 0$aSystems biology. 615 0$aBiological models. 615 0$aGenetic disorders. 676 $a616.3/9 700 $aWang$b Guanyu$c(Physicist),$01584767 801 0$bMiFhGG 801 1$bMiFhGG 906 $aBOOK 912 $a9910787329803321 996 $aAnalysis of complex diseases$93868735 997 $aUNINA